Ad: P.R. Magoči: Ne treba balamutyty čitatelja

Bibliographic Details
Main Author: Jabur, Vasiľ, 1936- (Author)
Format: Article
Language:Slavic languages
Subjects:

MARC

LEADER 00000nab a2200000 a 4500
001 vtls000845595
003 SK-MaSNL
005 20260318121455.0
008 240612c2003 xo 0 sla
015 |a SNBRB2003/09-24972 
035 |a CLN000197250 
040 |a SNKBUCL  |b slo  |c SNKBUCL  |e AACR2 
041 0 |a sla  |a rue 
044 |a xo  |c SK 
080 |a 316.022.4(=161)(100):811.161'373  |2 UDC-MRF-SK2 
080 |a 811.161'373  |2 UDC-MRF-SK2 
100 1 |a Jabur, Vasiľ,  |d 1936-  |4 aut  |9 111447 
245 1 0 |a Ad: P.R. Magoči: Ne treba balamutyty čitatelja  |c Vasyl' Jabur 
500 |a Reakcia na článok Ne treba balamutyty čitatelja / Pavel Robert Magoči. - Narodny novynky. - Roč. 12, č. 43-44 (2002), s. 3 
650 0 7 |a rusínčina  |2 snkbucl  |9 51510 
650 0 7 |a Rusíni  |x termíny jazykové  |2 snkbucl  |9 1265194 
650 0 7 |a lexikológia  |2 snkbucl  |9 866 
650 0 7 |a lingvistika  |2 snkbucl  |9 860 
650 0 7 |a odborná terminológia  |2 snkbucl  |9 3616 
773 0 |t Narodny novynky  |g Roč. 13, č. 13-14 (2003), s. 3 
850 |a Slovenská národná knižnica v Martine 
852 |a SNK  |b KIS3GCP 
958 |a RN 
999 |c 3225331  |d 3227261